Global trade and tariff policy on rubber and rubber products under the WTO regime : A preliminary assessment (Record no. 44080)

MARC details
000 -LEADER
fixed length control field 00396nam a2200121Ia 4500
082 ## - DEWEY DECIMAL CLASSIFICATION NUMBER
Classification number NR:339.52(540)
Item number THA;1
100 ## - MAIN ENTRY--AUTHOR NAME
Personal name Tharian George, K
245 #0 - TITLE STATEMENT
Title Global trade and tariff policy on rubber and rubber products under the WTO regime : A preliminary assessment
260 ## - PUBLICATION, DISTRIBUTION, ETC. (IMPRINT)
Place of publication Kottayam
Name of publisher RRII
Year of publication 2003
490 ## - SERIES STATEMENT
Series statement Working paper ER/1
942 ## - ADDED ENTRY ELEMENTS (KOHA)
Koha item type Books
Holdings
Withdrawn status Lost status Damaged status Not for loan Home library Current library Date acquired Source of acquisition Full call number Accession Number Koha item type
        RRII Library RRII Library 16/12/2021 Gift NR:339.52(540) THA;1 G00828 Books